|
|
|
|
| LEADER |
01143ncm a2200325 a 4500 |
| 001 |
000730767 |
| 003 |
CZ BrMZK |
| 005 |
20111101142152.0 |
| 007 |
qu |
| 008 |
040827nuuuuuuuuxr wzade cze d |
| 024 |
2 |
|
|a M-66055-102-8
|
| 028 |
0 |
0 |
|a 10-0069
|b Kubešovo hudební vydavatelství
|
| 040 |
|
|
|a BOA001
|b cze
|
| 048 |
|
|
|b vu02
|a of
|
| 072 |
|
7 |
|a 788
|x Hudba pro dechové nástroje
|2 Konspekt
|9 9
|
| 080 |
|
|
|a 788
|2 MRF
|
| 080 |
|
|
|a 785.12
|2 MRF
|
| 080 |
|
|
|a 78.085.2
|2 MRF
|
| 080 |
|
|
|a 78.087
|2 MRF
|
| 100 |
1 |
|
|a Lipold, Jan,
|d 1941-
|7 mzk2007411261
|4 arr
|
| 245 |
1 |
0 |
|a Na louce
|h [hudebnina] :
|b valčík /
|c upr. + arr. Jan Lipold ; text lidový ; textová úprava Zdeněk Beneš
|
| 254 |
|
|
|a Partitura a hlasy
|
| 260 |
|
|
|a Praha :
|b Kubešovo hudební vydavatelství,
|c [199-?]
|
| 300 |
|
|
|a 1 řídící hlas + 13 hlasů ;
|c 30 cm
|
| 650 |
0 |
4 |
|a valčíky (zpěv (2), dechová hudba)
|
| 655 |
|
7 |
|a hlasy
|7 fd186703
|2 czenas
|
| 700 |
1 |
2 |
|a Beneš, Zdeněk,
|d 1959-
|7 mzk2011667989
|4 lyr
|
| 910 |
|
|
|a BOA001
|b Mus4-1139.461
|
| 990 |
|
|
|a MU
|
| 996 |
6 |
|
|b 2610227948
|c Mus4-1139.461
|l MZK
|r Sklad / do 1 hodiny
|n 0
|w 000730767
|u 000010
|a 1
|e BOA001
|j MZK50
|s P
|